Geography Quiz

Random Geography or City Quiz

Most Populous US Cities (Clickable) Quiz Stats

 Plays Quiz not verified by Sporcle

Challenge
Share
Tweet
Embed
Score 0/50 Timer 03:00
0 Plays Today
% Correct
Phoenix, Arizona
87.5%
Houston, Texas
85.7%
Dallas, Texas
85.7%
Indianapolis, Indiana
85.7%
Seattle, Wahington
85.7%
Los Angeles, California
83.9%
Philadelphia, Pennsylvania
83.9%
San Antonio, Texas
83.9%
Columbus, Ohio
83.9%
Denver, Colorado
83.9%
Washington, D.C.
83.9%
Nashville, Tennessee
83.9%
Jacksonville, Florida
82.1%
San Francisco, California
82.1%
Las Vegas, Nevada
82.1%
Atlanta, Georgia
82.1%
New York City, New York
80.4%
Chicago, Illinois
80.4%
San Diego, California
80.4%
Austin, Texas
80.4%
Fort Worth, Texas
80.4%
Boston, Massachusetts
80.4%
Memphis, Tennessee
78.6%
Kansas City, Missouri
78.6%
San Jose, California
76.8%
% Correct
Detroit, Michigan
76.8%
Baltimore, Maryland
76.8%
Milwaukee, Wisconsin
76.8%
Miami, Florida
76.8%
El Paso, Texas
75%
Oklahoma City, Oklahoma
75%
Charlotte, North Carolina
73.2%
Portland, Oregon
73.2%
Minneapolis, Minnesota
73.2%
Long Beach, California
71.4%
Sacramento, California
69.6%
Fresno, California
67.9%
Tucson, Arizona
66.1%
Louisville, Kentucky
64.3%
Oakland, California
64.3%
Virginia Beach, Virginia
60.7%
Albuquerque, New Mexico
55.4%
Raleigh, North Carolina
51.8%
New Orleans, Louisiana
48.2%
Tulsa, Oklahoma
46.4%
Arlington, Texas
46.4%
Mesa, Arizona
44.6%
Colorado Springs, Colorado
44.6%
Omaha, Nebraska
44.6%
Wichita, Kansas
32.1%

You're not logged in!

Compare scores with friends on all Sporcle quizzes.
Join for Free
OR
Log In

You Might Also Like...

Show Comments

Extras

Top Quizzes Today


Score Distribution

Your Account Isn't Verified!

In order to create a playlist on Sporcle, you need to verify the email address you used during registration. Go to your Sporcle Settings to finish the process.

Report this User

Report this user for behavior that violates our Community Guidelines.

Details: